000 00716nam a2200229Ia 4500
003 IN-BaIIA
008 211028s9999 xx 000 0 eng d
020 _a0-306-38306-3
040 _cIIA Library
080 _a047.1:535.33
_bDEV-6
245 0 _aDevelopments in applied spectroscopy
_bvol. 6
_cedited by W. K. Baer, A. J. Perkins and E. L. Grove
260 _aNew York
_bPlenum Press
_c1968
300 _a403p.
650 _aAbsorption spectroscopy
_91788
650 _aAstronomy and Astrophysics Thesaurus
650 _aOptical spectroscopy
650 _aSpectroscopy
_91535
700 _aBaer, W.K., ed.
_97087
700 _aGrove, E. L., ed.
_96972
700 _aPerkins, Alfred J., ed.
_97088
942 _cBK
999 _c4008
_d4008